|
|
|
|
| LEADER |
00000nam0a2200000 4500 |
| 001 |
45481 |
| 005 |
20231031023920.0 |
| 010 |
|
|
|a 5898260714
|
| 035 |
|
|
|a (RuTPU)RU\TPU\book\47332
|
| 090 |
|
|
|a 45481
|
| 100 |
|
|
|a 20021210d2001 km y0rusy50 ca
|
| 101 |
0 |
|
|a rus
|
| 102 |
|
|
|a RU
|
| 105 |
|
|
|a y z 001zy
|
| 200 |
1 |
|
|a Ислам в Евразии
|a Современные этические и эстетические концепции суннитского ислама, их трансформация в массовом сознании и выражение в искусстве мусульманских народов России
|f М. В. Иордан, Р. Г. Кузеев, С. М. Червонная
|g Российская академия художеств; Научно-исследовательский институт теории и истории изобразительных искусств; Под ред. М. В. Иордана
|
| 210 |
|
|
|a Москва
|c Прогресс-Традиция
|d 2001
|
| 215 |
|
|
|a 516 с.
|
| 300 |
|
|
|a На обл. авт. не указаны
|
| 320 |
|
|
|a Библиогр.: с. 456-489.
|
| 610 |
1 |
|
|a религия
|
| 610 |
1 |
|
|a ислам
|
| 610 |
1 |
|
|a мусульманская культура
|
| 610 |
1 |
|
|a мусульманские страны
|
| 610 |
1 |
|
|a мусульманство
|
| 610 |
1 |
|
|a искусство
|
| 610 |
1 |
|
|a политика
|
| 610 |
1 |
|
|a национальные отношения
|
| 610 |
1 |
|
|a национальные традиции
|
| 610 |
1 |
|
|a народы России
|
| 610 |
1 |
|
|a СССР
|
| 686 |
|
|
|a Э38
|v LBC/SL-A
|2 rubbk
|
| 700 |
|
1 |
|a Иордан
|b М. В.
|g М. В.
|
| 701 |
|
1 |
|a Кузеев
|b Р. Г.
|
| 701 |
|
1 |
|a Червонная
|b С. М.
|
| 702 |
|
1 |
|a Иордан
|b М. В.
|4 340
|
| 712 |
0 |
2 |
|a Российская академия художеств (РАХ)
|b Научно-исследовательский институт теории и истории изобразительных искусств
|c (Москва)
|2 stltpush
|3 (RuTPU)RU\TPU\col\427
|
| 801 |
|
1 |
|a RU
|b 63413507
|c 20021210
|g PSBO
|
| 801 |
|
2 |
|a RU
|b 63413507
|c 20080118
|g PSBO
|
| 942 |
|
|
|c BK
|